La lucha por la tierra: una misma táctica para distintos bandos

Tallennettuna:
Bibliografiset tiedot
Aineistotyyppi: Teksti
Tagit: Lisää tagi
Ei tageja, Lisää ensimmäinen tagi!

MARC

LEADER 00000 a a2200000 04500
001 45991
003
040
245 |a La lucha por la tierra:   |b una misma táctica para distintos bandos  
773 |g volumen10, número323 (1990), página 9  
999 |c 24951  |d 24951